| 000 | 00653nam a2200217Ia 4500 | ||
|---|---|---|---|
| 001 | 5664 | ||
| 003 | GE_BSU | ||
| 008 | 181216s||||||||xx |||||||||||||| ||und|| | ||
| 040 | _cGE_BSU | ||
| 080 | _a514.18(075.8) | ||
| 100 | _aКороев, Ю.И | ||
| 245 | _aНачертательная геометрия | ||
| 245 | _bУчебник для студ Архитектурных специальн вузов | ||
| 245 | _cГл.ред.Ю.Н. соколов | ||
| 260 | _aМосква | ||
| 260 | _bСтроииздат | ||
| 260 | _c1987 | ||
| 300 | _a319 с.24 см. | ||
| 653 | _aНачертательная геометрия | ||
| 942 | _cBK | ||
| 999 |
_c39094 _d39094 |
||